[Event "55. Rusia ch Femenino"]
[Site "Samara RUS"]
[Date "2005.05.24"]
[Round "9.6"]
[White "Kosintseva, Nadezhda"]
[Black "Galliamova, Alisa"]
[Result "1-0"]
[WhiteElo "2459"]
[BlackElo "2469"]
[PlyCount "81"]
[EventDate "2005.05.15"]
[EventType "tourn"]
[EventRounds "11"]
[EventCountry "RUS"]
[EventCategory "6"]
[Source "lmi"]
[SourceDate "2005.05.27"]

1. e4 c5 2. Nc3 Nc6 3. Nf3 d6 4. d4 cxd4 5. Nxd4 Nf6 6. Bg5 e6 7. Qd2 a6 8.
O-O-O Bd7 9. f4 b5 10. Bxf6 gxf6 11. Kb1 b4 12. Nce2 Qb6 13. Nxc6 Bxc6 14. f5
e5 15. Ng3 h5 16. h4 Qc5 17. Qe2 Ke7 18. Nxh5 Bb5 19. Qg4 Bh6 20. Bd3 Rhg8 21.
Qe2 Qe3 22. Bxb5 axb5 23. Qxb5 Qa7 24. Qd5 Qb6 25. g4 b3 26. cxb3 Qa6 27. b4
Be3 28. g5 Rgb8 29. g6 Rxb4 30. Qxf7+ Kd8 31. Qxf6+ Kc8 32. Qe6+ Kc7 33. Qe7+
Kc8 34. Rc1+ Bc5 35. Rxc5+ dxc5 36. Qxc5+ Kd8 37. Qd5+ Kc8 38. Rc1+ Kb8 39.
Qxe5+ Ka7 40. Rc7+ Rb7 41. Qc5+ 1-0

[Event "55. Rusia ch Femenino"]
[Site "Samara RUS"]
[Date "2005.05.25"]
[Round "10.1"]
[White "Kovalevskaya, Ekaterina"]
[Black "Galliamova, Alisa"]
[Result "1-0"]
[WhiteElo "2469"]
[BlackElo "2469"]
[PlyCount "87"]
[EventDate "2005.05.15"]
[EventType "tourn"]
[EventRounds "11"]
[EventCountry "RUS"]
[EventCategory "6"]
[Source "lmi"]
[SourceDate "2005.05.27"]

1. e4 c5 2. Nf3 d6 3. Bb5+ Nd7 4. c3 Ngf6 5. Qe2 a6 6. Ba4 b5 7. Bc2 c4 8. b3
Qc7 9. O-O Bb7 10. bxc4 bxc4 11. Na3 d5 12. e5 Ne4 13. e6 fxe6 14. Bxe4 dxe4
15. Nd4 Bd5 16. Nxe6 Qe5 17. Nxf8 Nb6 18. Rb1 Rb8 19. Qe3 Qd6 20. Nc2 Rxf8 21.
Ba3 Qc7 22. Qg5 Rf7 23. Ne3 Bc6 24. Qc5 Kd7 25. Nxc4 Nxc4 26. Qxc4 Rxb1 27.
Rxb1 Rf6 28. Qc5 Ke8 29. Re1 Qd7 30. d3 Rf5 31. Qb4 Qa7 32. d4 Kf7 33. Qb3+ Bd5
34. Qc2 Qc7 35. f3 Qf4 36. fxe4 Bxe4 37. Qe2 e6 38. g3 Qf3 39. Qxe4 Qf2+ 40.
Kh1 Qxa2 41. Bd6 Rf2 42. g4 Qc4 43. Kg1 Rf6 44. Be5 1-0

[Event "55. Rusia ch Femenino"]
[Site "Samara RUS"]
[Date "2005.05.25"]
[Round "10.2"]
[White "Yakovich, Yulija"]
[Black "Kosintseva, Nadezhda"]
[Result "0-1"]
[WhiteElo "2068"]
[BlackElo "2459"]
[PlyCount "74"]
[EventDate "2005.05.15"]
[EventType "tourn"]
[EventRounds "11"]
[EventCountry "RUS"]
[EventCategory "6"]
[Source "lmi"]
[SourceDate "2005.05.27"]

1. e4 g6 2. d4 Bg7 3. c3 d6 4. Nf3 Nf6 5. Bd3 O-O 6. O-O c5 7. h3 Nc6 8. Qe2 a6
9. Na3 b5 10. e5 dxe5 11. dxe5 Ne8 12. Bf4 Qb6 13. Rfd1 Nc7 14. Be4 Ne6 15. Bg3
c4 16. Nc2 Nc5 17. Qe3 Bf5 18. Bxf5 gxf5 19. Ncd4 Nxd4 20. Nxd4 e6 21. Bh4 Nd7
22. Be7 Rfe8 23. Bd6 f6 24. exf6 Bxf6 25. Qg3+ Kh8 26. Re1 f4 27. Bxf4 e5 28.
Qg4 Nf8 29. Qh5 Ng6 30. Bxe5 Bxe5 31. Nf3 Bf6 32. Ng5 Bxg5 33. Qxg5 Qc6 34. h4
Rg8 35. f3 Rae8 36. h5 Ne5 37. Qf5 Nxf3+ 0-1

[Event "55. Rusia ch Femenino"]
[Site "Samara RUS"]
[Date "2005.05.25"]
[Round "10.3"]
[White "Pogonina, Natalija"]
[Black "Korbut, Ekaterina"]
[Result "1/2-1/2"]
[WhiteElo "2355"]
[BlackElo "2399"]
[PlyCount "92"]
[EventDate "2005.05.15"]
[EventType "tourn"]
[EventRounds "11"]
[EventCountry "RUS"]
[EventCategory "6"]
[Source "lmi"]
[SourceDate "2005.05.27"]

1. e4 c5 2. Nf3 Nc6 3. d4 cxd4 4. Nxd4 Nf6 5. Nc3 d6 6. Be2 e5 7. Nf3 h6 8. O-O
Be7 9. Re1 O-O 10. h3 a6 11. Bf1 Qc7 12. Nd5 Nxd5 13. exd5 Nb8 14. c4 f5 15. b3
Bf6 16. Bb2 Nd7 17. b4 b6 18. Nd2 Bb7 19. Nb3 a5 20. bxa5 bxa5 21. a4 e4 22.
Nd4 Nc5 23. Rb1 Qd7 24. Bc3 Qxa4 25. Qxa4 Nxa4 26. Ba1 Bc8 27. Nb5 Be7 28. Nc7
Ra7 29. Nb5 Rb7 30. Bd4 Nc5 31. Bxc5 dxc5 32. Ra1 Bd8 33. Nd6 Rb8 34. Nxc8 Rxc8
35. Reb1 Rf6 36. Be2 Ra6 37. Bd1 Bf6 38. Ra3 Bd4 39. Bc2 Ra7 40. Kf1 g6 41. Rb6
Kg7 42. Ke2 Rcc7 43. Ba4 Rcb7 44. Rab3 Rxb6 45. Rxb6 Kf7 46. d6 Ra8 1/2-1/2

[Event "55. Rusia ch Femenino"]
[Site "Samara RUS"]
[Date "2005.05.25"]
[Round "10.4"]
[White "Matveeva, Svetlana"]
[Black "Kochetkova, Julia"]
[Result "1/2-1/2"]
[WhiteElo "2423"]
[BlackElo "2311"]
[PlyCount "212"]
[EventDate "2005.05.15"]
[EventType "tourn"]
[EventRounds "11"]
[EventCountry "RUS"]
[EventCategory "6"]
[Source "lmi"]
[SourceDate "2005.05.27"]

1. d4 Nf6 2. c4 e6 3. Nc3 Bb4 4. Qc2 Nc6 5. Nf3 d6 6. a3 Bxc3+ 7. Qxc3 Qe7 8.
b4 e5 9. dxe5 Nxe5 10. Nxe5 Qxe5 11. Qxe5+ dxe5 12. Bb2 Nd7 13. e3 O-O 14. c5
Re8 15. Bb5 c6 16. Be2 b6 17. cxb6 Nxb6 18. Rc1 Bd7 19. Ba6 Bc8 20. Be2 Bd7 21.
Ba6 Bc8 22. Bd3 Bd7 23. Be4 Rac8 24. Ba1 Be6 25. Rxc6 Bf5 26. Bf3 e4 27. Rxc8
Rxc8 28. Bd1 Rc1 29. Bd4 Nc4 30. h3 Bd7 31. O-O Nd2 32. Re1 Nc4 33. Rf1 Nd2 34.
Re1 Nc4 35. Kh2 Ba4 36. Bxa4 Rxe1 37. Bxa7 Nxa3 38. Bc6 Rb1 39. Bc5 f5 40. Bd5+
Kh8 41. Be6 Nc2 42. Bxf5 Nxb4 43. Bxe4 Rb2 44. Kg3 Nc6 45. f4 Rb5 46. Bd6 Nd8
47. Kf3 Kg8 48. Bd3 Rb2 49. Bc4+ Nf7 50. Be5 Rd2 51. Bd4 g6 52. g4 Kf8 53. g5
Nd6 54. Be6 Ke7 55. Bg8 Nf5 56. Bc5+ Ke8 57. e4 Rc2 58. Bf2 Rc3+ 59. Kg2 Ne3+
60. Bxe3 Rxe3 61. Bxh7 Kf7 62. f5 gxf5 63. exf5 Ra3 64. h4 Kg7 65. Bg6 Ra2+ 66.
Kg3 Ra3+ 67. Kg4 Ra4+ 68. Kh5 Rf4 69. f6+ Kg8 70. Bc2 Kf8 71. Bb3 Rb4 72. Be6
Re4 73. Ba2 Ra4 74. Bb1 Rf4 75. Bd3 Rd4 76. Be2 Re4 77. Bf3 Rf4 78. Bg4 Kf7 79.
Bd1 Kf8 80. Be2 Re4 81. Bb5 Rb4 82. Bc6 Rc4 83. Bd7 Rd4 84. Be6 Re4 85. Bf5 Rf4
86. Bg6 Rb4 87. Kh6 Rxh4+ 88. Bh5 Rf4 89. Kg6 Rf1 90. Bg4 Rf4 91. Be6 Rf1 92.
Kh5 Re1 93. Bd5 Rd1 94. Bf3 Rd6 95. Kg4 Ra6 96. Bd5 Rd6 97. Ba2 Ra6 98. Bd5 Rd6
99. Be4 Ra6 100. Kf4 Kf7 101. Ke5 Ra5+ 102. Bd5+ Kg6 103. Ke6 Ra6+ 104. Ke7
Ra7+ 105. Ke8 Kxg5 106. f7 Rxf7 1/2-1/2

[Event "55. Rusia ch Femenino"]
[Site "Samara RUS"]
[Date "2005.05.25"]
[Round "10.5"]
[White "Kosteniuk, Alexandra"]
[Black "Gunina, Valentina"]
[Result "1-0"]
[WhiteElo "2492"]
[BlackElo "2340"]
[PlyCount "169"]
[EventDate "2005.05.15"]
[EventType "tourn"]
[EventRounds "11"]
[EventCountry "RUS"]
[EventCategory "6"]
[Source "lmi"]
[SourceDate "2005.05.27"]

1. e4 c6 2. d4 d5 3. e5 Bf5 4. h4 h6 5. g4 Bd7 6. Nd2 c5 7. dxc5 e6 8. Nb3 Nc6
9. Nf3 Qc7 10. Qe2 Na5 11. Be3 Nc4 12. Bd4 Ne7 13. c3 Nc6 14. Bg2 Be7 15. Nc1
Nxd4 16. cxd4 Qa5+ 17. Kf1 b6 18. Nb3 Qb4 19. Ne1 O-O 20. Kg1 a5 21. cxb6 Qxb6
22. Nd3 Bb5 23. Nbc5 a4 24. g5 a3 25. gxh6 axb2 26. Nxb2 gxh6 27. Nxc4 Bxc4 28.
Qg4+ Kh7 29. Nd7 Qb2 30. Nxf8+ Bxf8 31. Kh2 f5 32. exf6 Bd6+ 33. Kh3 Rg8 34.
Be4+ dxe4 35. Qxe4+ Kh8 36. Rhg1 Qxf2 37. Rxg8+ Kxg8 38. Qg6+ Kf8 39. Qxh6+ Ke8
40. Qh5+ Kd7 41. Qf7+ Kc6 42. Qe8+ Kd5 43. Qa8+ Kxd4 44. Rd1+ Ke5 45. Qa5+ Ke4
46. Qe1+ Qxe1 47. Rxe1+ Kf5 48. f7 Kf6 49. Rd1 Be7 50. a4 Kxf7 51. a5 e5 52.
Rc1 Ba6 53. Kg4 Bd6 54. Rc6 Be2+ 55. Kg3 Ke7 56. a6 Bb5 57. Rb6 e4+ 58. Kg2
Bxa6 59. Rxa6 Bc5 60. Rc6 Bd6 61. Rc4 Kf6 62. Rxe4 Kf5 63. Kf3 Bc7 64. Rc4 Bd6
65. Rd4 Be7 66. Rd5+ Ke6 67. Rh5 Kf6 68. Kg4 Kg6 69. Re5 Bf6 70. Re6 Kf7 71.
Rb6 Bd4 72. Rc6 Kg7 73. Kg5 Be3+ 74. Kh5 Bd2 75. Rg6+ Kf7 76. Rg2 Be3 77. Kg4
Kf6 78. Kf3 Bc1 79. h5 Kf7 80. Ke4 Bh6 81. Kf5 Bf8 82. Rg6 Bg7 83. h6 Bh8 84.
h7 Bg7 85. Rg3 1-0

[Event "55. Rusia ch Femenino"]
[Site "Samara RUS"]
[Date "2005.05.25"]
[Round "10.6"]
[White "Zaiatz, Elena"]
[Black "Kosintseva, Tatiana"]
[Result "1/2-1/2"]
[WhiteElo "2398"]
[BlackElo "2486"]
[PlyCount "107"]
[EventDate "2005.05.15"]
[EventType "tourn"]
[EventRounds "11"]
[EventCountry "RUS"]
[EventCategory "6"]
[Source "lmi"]
[SourceDate "2005.05.27"]

1. d4 Nf6 2. c4 e6 3. Nc3 Bb4 4. Qc2 O-O 5. a3 Bxc3+ 6. Qxc3 b6 7. Bg5 Ba6 8.
Qf3 Nc6 9. e3 Re8 10. Bxf6 Qxf6 11. Qxf6 gxf6 12. Nf3 Kf8 13. Be2 Ke7 14. Nd2
f5 15. b4 Bb7 16. Bf3 d6 17. Nb3 Rg8 18. g3 Nd8 19. Bxb7 Nxb7 20. c5 bxc5 21.
dxc5 Rgb8 22. Rc1 d5 23. Nd4 Nd8 24. f4 c6 25. Nb3 Nb7 26. Nd4 Rc8 27. Ke2 a5
28. Rc2 axb4 29. axb4 Nd8 30. Rb1 Kd7 31. Kf3 f6 32. Ke2 Rab8 33. Ra2 Rc7 34.
Ra6 e5 35. Nxf5 Ne6 36. Raa1 Rcb7 37. Nd6 Rxb4 38. Rxb4 Rxb4 39. Ra7+ Nc7 40.
fxe5 fxe5 41. Ne8 Rb2+ 42. Kf3 Kxe8 43. Rxc7 Rxh2 44. Rxc6 Ke7 45. Rd6 Rd2 46.
g4 Rd3 47. Ke2 e4 48. g5 Rc3 49. Rxd5 Ke6 50. Rd6+ Kf5 51. Rh6 Rc2+ 52. Kd1
Rxc5 53. Rxh7 Kxg5 54. Rf7 1/2-1/2

[Event "55. Rusia ch Femenino"]
[Site "Samara RUS"]
[Date "2005.05.26"]
[Round "11.1"]
[White "Kosintseva, Tatiana"]
[Black "Kovalevskaya, Ekaterina"]
[Result "1-0"]
[WhiteElo "2486"]
[BlackElo "2469"]
[PlyCount "139"]
[EventDate "2005.05.15"]
[EventType "tourn"]
[EventRounds "11"]
[EventCountry "RUS"]
[EventCategory "6"]
[Source "lmi"]
[SourceDate "2005.05.27"]

1. e4 e5 2. Nf3 Nc6 3. d4 exd4 4. Nxd4 Bc5 5. Nb3 Bb4+ 6. c3 Be7 7. Bf4 d6 8.
c4 Bf6 9. Qd2 a5 10. Nc3 a4 11. Nc1 a3 12. b3 Nge7 13. Be3 O-O 14. Bd3 Nb4 15.
O-O Nxd3 16. Nxd3 c6 17. Rad1 Qa5 18. b4 Qa6 19. f4 Ng6 20. b5 Qa5 21. Rc1 Bxc3
22. Rxc3 f5 23. e5 dxe5 24. Bc5 Rd8 25. Qc1 e4 26. Rxa3 Qxa3 27. Bxa3 Rxd3 28.
Bc5 Be6 29. bxc6 bxc6 30. a3 Nf8 31. Rd1 Rxd1+ 32. Qxd1 Bxc4 33. Qd6 Bd5 34.
Bd4 Ne6 35. Bb2 Rd8 36. Qe5 Rf8 37. h3 h5 38. a4 Rf7 39. a5 Nc7 40. Ba3 Bc4 41.
Bd6 Ne6 42. Qc3 Bb5 43. Qe5 Bc4 44. Bb8 Nf8 45. Qd4 Bb5 46. Bd6 Rd7 47. Qe5 e3
48. Bxf8 Kxf8 49. Qxe3 Kf7 50. Kh2 Bd3 51. Qd2 Rd5 52. Qa2 Ba6 53. Qb3 Bb5 54.
Qe3 Kf6 55. Qc3+ Ke6 56. Qxg7 Bd3 57. Qc7 Be4 58. Qxc6+ Kf7 59. Qc3 Rd6 60.
Qc4+ Kf6 61. a6 Rc6 62. Qd4+ Kg6 63. a7 Ra6 64. Qd7 Kf6 65. Qd4+ Kg6 66. Qb2
Kh7 67. Qf2 Ra3 68. g4 Ra6 69. gxf5 Bxf5 70. Qe2 1-0

[Event "55. Rusia ch Femenino"]
[Site "Samara RUS"]
[Date "2005.05.26"]
[Round "11.2"]
[White "Gunina, Valentina"]
[Black "Zaiatz, Elena"]
[Result "1/2-1/2"]
[WhiteElo "2340"]
[BlackElo "2398"]
[PlyCount "45"]
[EventDate "2005.05.15"]
[EventType "tourn"]
[EventRounds "11"]
[EventCountry "RUS"]
[EventCategory "6"]
[Source "lmi"]
[SourceDate "2005.05.27"]

1. d4 Nf6 2. c4 e6 3. Nf3 d5 4. Nc3 dxc4 5. a4 c5 6. e3 Nc6 7. Bxc4 Be7 8. O-O
O-O 9. h3 b6 10. dxc5 Qxd1 11. Rxd1 Bxc5 12. Bd2 Bb7 13. Rac1 Rfd8 14. Na2 a5
15. Nc3 Nb4 16. Be1 Rac8 17. Nb5 Rxd1 18. Rxd1 Kf8 19. Ne5 Ke7 20. Na7 Rc7 21.
Nb5 Rc8 22. Na7 Rc7 23. Nb5 1/2-1/2

[Event "55. Rusia ch Femenino"]
[Site "Samara RUS"]
[Date "2005.05.26"]
[Round "11.3"]
[White "Kochetkova, Julia"]
[Black "Kosteniuk, Alexandra"]
[Result "0-1"]
[WhiteElo "2311"]
[BlackElo "2492"]
[PlyCount "82"]
[EventDate "2005.05.15"]
[EventType "tourn"]
[EventRounds "11"]
[EventCountry "RUS"]
[EventCategory "6"]
[Source "lmi"]
[SourceDate "2005.05.27"]

1. e4 e5 2. Nf3 Nf6 3. Nxe5 d6 4. Nc4 Nxe4 5. Nc3 Nxc3 6. dxc3 d5 7. Ne3 Be6 8.
Bd3 Nc6 9. O-O Qd7 10. Qe2 O-O-O 11. a4 f5 12. b4 Ne5 13. a5 f4 14. Nd1 Nxd3
15. cxd3 g5 16. b5 Re8 17. b6 cxb6 18. axb6 a6 19. f3 Bf5 20. Qd2 Bc5+ 21. d4
Bxb6 22. Nb2 Qb5 23. Na4 Ba7 24. Ra2 Bd3 25. Rf2 Re6 26. Rb2 Rhe8 27. h4 Re1+
28. Kh2 Qxa4 29. Qxd3 Qd1 30. Qf5+ R8e6 31. Qf8+ Kc7 32. Qf7+ Re7 33. Bxf4+
gxf4 34. Qxf4+ Kc6 35. Rf1 b5 36. Qf6+ Kd7 37. Qf5+ Kc7 38. Qf6 Rd7 39. Rxe1
Qxe1 40. Ra2 Bb8 41. Rxa6 Kb7+ 0-1

[Event "55. Rusia ch Femenino"]
[Site "Samara RUS"]
[Date "2005.05.26"]
[Round "11.5"]
[White "Kosintseva, Nadezhda"]
[Black "Pogonina, Natalija"]
[Result "1/2-1/2"]
[WhiteElo "2459"]
[BlackElo "2355"]
[PlyCount "94"]
[EventDate "2005.05.15"]
[EventType "tourn"]
[EventRounds "11"]
[EventCountry "RUS"]
[EventCategory "6"]
[Source "lmi"]
[SourceDate "2005.05.27"]

1. e4 c5 2. Nf3 d6 3. d4 cxd4 4. Nxd4 Nf6 5. Nc3 g6 6. Be3 Bg7 7. f3 O-O 8. Qd2
Nc6 9. O-O-O Qa5 10. Nb3 Qc7 11. g4 Be6 12. g5 Nh5 13. f4 Rfc8 14. Kb1 Nb4 15.
Nd4 Bg4 16. Be2 Bxe2 17. Ndxe2 Qa5 18. Rhf1 Nc6 19. Qd5 Qxd5 20. Nxd5 Kf8 21.
Ng3 Nxg3 22. hxg3 Kg8 23. Rh1 Rf8 24. Rd2 Rac8 25. Rdh2 f6 26. gxf6 exf6 27.
Rxh7 Rfe8 28. Bd2 Rxe4 29. Bc3 Rf8 30. g4 Ne7 31. Nxe7+ Rxe7 32. R7h3 Re4 33.
Rf1 d5 34. Rd3 Rd8 35. Bd4 a6 36. c3 Kf7 37. Rh3 Rh8 38. Rxh8 Bxh8 39. Kc2 Bg7
40. Kd3 f5 41. gxf5 gxf5 42. Be3 b5 43. a3 a5 44. Rh1 b4 45. axb4 axb4 46. Rh5
bxc3 47. bxc3 Ke6 1/2-1/2

[Event "55. Rusia ch Femenino"]
[Site "Samara RUS"]
[Date "2005.05.26"]
[Round "11.6"]
[White "Galliamova, Alisa"]
[Black "Yakovich, Yulija"]
[Result "1-0"]
[WhiteElo "2469"]
[BlackElo "2068"]
[PlyCount "97"]
[EventDate "2005.05.15"]
[EventType "tourn"]
[EventRounds "11"]
[EventCountry "RUS"]
[EventCategory "6"]
[Source "lmi"]
[SourceDate "2005.05.27"]

1. e4 e5 2. Nf3 Nc6 3. Bb5 a6 4. Ba4 Nf6 5. d3 Bc5 6. O-O b5 7. Bb3 O-O 8. Nc3
d6 9. Bg5 h6 10. Bh4 Bg4 11. Bd5 Bd7 12. Qd2 Rb8 13. Ne2 Kh8 14. Kh1 Nb4 15.
Bb3 Bg4 16. Neg1 Nc6 17. c3 Qe7 18. h3 Be6 19. Bc2 d5 20. d4 dxe4 21. Nxe5 Nxe5
22. dxe5 Qd7 23. Qf4 Nd5 24. Qxe4 g6 25. Rad1 c6 26. Qf3 Be7 27. Bxe7 Qxe7 28.
Qg3 Qc5 29. Nf3 b4 30. Qh4 Kg7 31. c4 Ne7 32. b3 Bf5 33. Bxf5 Nxf5 34. Qf6+ Kg8
35. e6 Qe7 36. exf7+ Qxf7 37. Qxc6 Rb7 38. Ne5 Rc7 39. Qxg6+ Qxg6 40. Nxg6 Re8
41. Nf4 Rc6 42. Rfe1 Rxe1+ 43. Rxe1 Rd6 44. Nd5 Kf8 45. g4 Nd4 46. Nxb4 Nf3 47.
Re3 Rd1+ 48. Kg2 Ng5 49. Nxa6 1-0